Sección de Inquisición, catálogo de alegaciones fiscales / (Registro nro. 107800)

Detalles MARC
000 -LEADER
campo de control de longitud fija 00863nam a2200205 i 4500
001 - NÚMERO DE CONTROL
campo de control 107800
003 - IDENTIFICADOR DE NÚMERO DE CONTROL
campo de control ES-MaACL
005 - FECHA Y HORA DE LA ÚLTIMA TRANSACCIÓN
campo de control 20230906184508.0
007 - CAMPO FIJO DE DESCRIPCIÓN FÍSICA--INFORMACIÓN GENERAL
campo de control de longitud fija t|
008 - DATOS DE LONGITUD FIJA--INFORMACIÓN GENERAL
campo de control de longitud fija 061121s1977 sp r ||||1| spa d
110 2# - ENTRADA PRINCIPAL--NOMBRE DE ENTIDAD CORPORATIVA
Nombre de entidad corporativa o nombre de jurisdicción como elemento de entrada Archivo Histórico Nacional (España).
Unidad subordinada Sección de Inquisición.
9 (RLIN) 157766
245 10 - MENCIÓN DEL TÍTULO
Título Sección de Inquisición, catálogo de alegaciones fiscales /
Mención de responsabilidad, etc. por María Natividad Moreno Garbayo.
260 ## - PUBLICACIÓN, DISTRIBUCIÓN, ETC.
Lugar de publicación, distribución, etc. Madrid :
Nombre del editor, distribuidor, etc. Dirección General del Patrimonio Artístico y Cultural,
Fecha de publicación, distribución, etc. 1977.
300 ## - DESCRIPCIÓN FÍSICA
Extensión 429 p. ;
Dimensiones 23 cm.
500 ## - NOTA GENERAL
Nota general Precede al Tit. : Archivo Histórico Nacional.
610 24 - PUNTO DE ACCESO ADICIONAL DE MATERIA--NOMBRE DE ENTIDAD CORPORATIVA
Nombre de entidad corporativa o nombre de jurisdicción como elemento de entrada Archivo Histórico Nacional (España).
Unidad subordinada Sección de Inquisición-
Subdivisión de forma Catálogos.
9 (RLIN) 157767
650 #4 - PUNTO DE ACCESO ADICIONAL DE MATERIA--TÉRMINO DE MATERIA
Término de materia o nombre geográfico como elemento de entrada Inquisición-
Subdivisión geográfica España-
Subdivisión general Historia-
Subdivisión de forma Fuentes.
9 (RLIN) 134507
700 0# - ENTRADA AGREGADA--NOMBRE PERSONAL
Nombre de persona Moreno Garbayo, María Natividad.
9 (RLIN) 83375
852 ## - LOCALIZACIÓN
Ubicación ES-MaACL
Número de control de estantería A-7570
Sublocalización o colección R.96798
Existencias
Estatus retirado Estado de pérdida Estado de daño No para préstamo Biblioteca de origen Biblioteca actual Ubicación en estantería Fecha de adquisición Fuente de adquisición Total de préstamos Signatura topográfica completa Código de barras Visto por última vez Precio de reemplazo Tipo de ítem Koha
        Biblioteca del Ateneo de Madrid Biblioteca del Ateneo de Madrid Sala Pecera Planta 1 17/01/2008     A-7570 1112504 23/02/2023 23/02/2023 Libro impreso